Sự ổn định các tính trạng năng suất, phẩm chất bộ giống lúa đang sản xuất tại Kiên Giang và phân tích bộ giống lúa triển vọng : Luận văn Thạc sĩ Nông học. Chuyên ngành: Kinh tế nông nghiệp
Gespeichert in:
| 1. Verfasser: | |
|---|---|
| Format: | Buch |
| Sprache: | Undetermined |
| Veröffentlicht: |
Cần Thơ
Đại học Cần Thơ
1998
|
| Schlagworte: | |
| Tags: |
Tag hinzufügen
Keine Tags, Fügen Sie den ersten Tag hinzu!
|
| Thư viện lưu trữ: | Trung tâm Học liệu Trường Đại học Cần Thơ |
|---|
| LEADER | 00811nam a2200205Ia 4500 | ||
|---|---|---|---|
| 001 | CTU_85041 | ||
| 008 | 210402s9999 xx 000 0 und d | ||
| 082 | |a 633.1821 | ||
| 082 | |b T305 | ||
| 088 | |a 60620115 | ||
| 100 | |a Nguyễn, Trung Tiền | ||
| 245 | 0 | |a Sự ổn định các tính trạng năng suất, phẩm chất bộ giống lúa đang sản xuất tại Kiên Giang và phân tích bộ giống lúa triển vọng : | |
| 245 | 0 | |b Luận văn Thạc sĩ Nông học. Chuyên ngành: Kinh tế nông nghiệp | |
| 245 | 0 | |c Nguyễn Trung Tiền | |
| 260 | |a Cần Thơ | ||
| 260 | |b Đại học Cần Thơ | ||
| 260 | |c 1998 | ||
| 650 | |a Rice | ||
| 904 | |i Vương, QHieu | ||
| 980 | |a Trung tâm Học liệu Trường Đại học Cần Thơ | ||